| 000 | 007020000a22002290004500 | ||
|---|---|---|---|
| 003 | LK-CoMWRAF | ||
| 005 | 20231110233221.0 | ||
| 008 | 230817t2005 ||||| |||| 00| 0 eng d | ||
| 020 | _a9558095974 | ||
| 040 |
_aLK-CoMWRAF _dLK-CoMWRAF _eLK-CoMWRAF |
||
| 041 | _aeng | ||
| 082 |
_a363.3492 _bBIN |
||
| 100 | _aBindra, Satinder | ||
| 245 |
_aTsunami: _b7 Hours that Shook the World |
||
| 260 |
_aColombo: _bVijitha Yapa, _c2005 |
||
| 300 | _a291 p., [8] p. of plates : col. ill. ; 23 cm. | ||
| 650 | _aTSUNAMIS-Sri Lanka | ||
| 650 | _a Indian Ocean Tsunami,-Personal narratives. | ||
| 650 | _aDisaster victims--Sri Lanka. | ||
| 650 | _a Humanitarian assistance, American--Sri Lanka. | ||
| 942 | _cBK | ||
| 999 |
_c812 _d812 |
||